000 01037cam a2200337 a 4500
001 22559
003 SK-KTurca
005 20260401102353.0
008 220512s1999 xo 000 f slo
015 _aSNBA2000/03-00830
020 _a8071187860
_q(viaz.)
035 _aPPPK61916
035 _aurn:nbn:sk:snk-amkdle
035 _aurn:nbn:sk:snk-am008i3z
035 _aF5ED44C4-2316-4686-902E-14C39093BBB0
040 _aSNK
_bslo
_cSNK
_eAACR2
041 1 _aslo
_heng
044 _axo
_cSK
080 _a821.111(73)-3
_21981
100 1 _aWoodiwiss, Kathleen E.,
_d1939-2007
_4aut
240 1 0 _aPetals On The River
_lSlovensky
245 1 0 _aLupene na vode
_cKathleen E. Woodiwissová ; [z anglického originálu preložila Jana Seichertová]
250 _a1. vyd.
260 _aBratislava
_bIkar
_c1999
300 _a350 s.
_c21 cm
655 7 _aamerické romány
_2SNKPH
655 7 _aľúbostné romány
_2SNKPH
700 1 _aSeichertová, Jana
_4trl
942 _2ddc
_cKLDO
_n0
999 _c22559
_d22559